| 000 | 01354nam a2200361 a 4500 | ||
|---|---|---|---|
| 001 | ebr10236850 | ||
| 003 | CaPaEBR | ||
| 006 | m u | ||
| 007 | cr cn||||||||| | ||
| 008 | 070604s2004 enka sb 001 0 eng d | ||
| 010 | _z 2007390762 | ||
| 020 | _z1859574440 (pbk.) | ||
| 020 | _z9781859574447 (pbk.) | ||
| 020 | _z9781847351913 | ||
| 040 |
_aCaPaEBR _cCaPaEBR |
||
| 035 | _a(OCoLC)568032872 | ||
| 050 | 1 | 4 |
_aTP1150 _b.P73 2004eb |
| 082 | 0 | 4 |
_a668.412 _222 |
| 245 | 0 | 0 |
_aPractical guide to injection moulding _h[electronic resource] / _cedited by V. Goodship. |
| 246 | 1 | 3 | _aArburg practical guide to injection moulding |
| 260 |
_aShawbury : _bRapra Technology, _cc2004. |
||
| 300 |
_aiv, 264 p. : _bill. |
||
| 504 | _aIncludes bibliographical references and index. | ||
| 533 |
_aElectronic reproduction. _bPalo Alto, Calif. : _cebrary, _d2013. _nAvailable via World Wide Web. _nAccess may be limited to ebrary affiliated libraries. |
||
| 650 | 0 | _aInjection molding of plastics. | |
| 650 | 0 | _aManufacturing processes. | |
| 655 | 7 |
_aElectronic books. _2local |
|
| 700 | 1 | _aGoodship, Vannessa. | |
| 710 | 2 | _aArburg (Firm) | |
| 710 | 2 | _aRapra Technology Limited. | |
| 710 | 2 | _aebrary, Inc. | |
| 856 | 4 | 0 |
_uhttp://site.ebrary.com/lib/rucke/Doc?id=10236850 _zAn electronic book accessible through the World Wide Web; click to view |
| 999 |
_c37118 _d37118 |
||